| 000 | 00553nam a2200181Ia 4500 | ||
|---|---|---|---|
| 008 | 100917s9999 xx 000 0 und d | ||
| 082 | _b45504 | ||
| 100 | _aसाठे शंकरभाऊ | ||
| 245 | _aमाझा भाऊ आण्णाभाऊ | ||
| 260 |
_bविलास वाघ _c1980 |
||
| 300 | _a131 | ||
| 365 | _b15 | ||
| 520 | _aचरित्र | ||
| 630 | _aमाझा भाऊ आण्णाभाऊ | ||
| 650 | _aचरित्र | ||
| 730 | _aमाझा भाऊ आण्णाभाऊ | ||
| 942 | _cBOOK | ||
| 999 |
_c650898 _d650895 |
||